000 00323nam a22001337a 4500
008 181023b xxu||||| |||| 00| 0 eng d
020 _a9780521407243
041 _aeng
080 _a941
100 _a16
101 _aHIS
245 _aHumanism And The Culture Of Renaisaance Europe
_cNauert.CH.O
942 _2udc
_cBK
999 _c50641
_d50641